Shonan Monorail, Japan - All stations - Statistics

General Stats
  • This quiz has been taken 12 times
  • The average score is 4 of 8
Answers on the Map
Answers color-coded by a green-red scale on the quiz's map according to % correct below.
 
Answer Stats
Answer % Correct
Ofuna
100%
Shonan-Enoshima
67%
Kataseyama
44%
Mejiro-Yamashita
44%
Fujimicho
33%
Nishi-Kamakura
33%
Shonan-Fukasawa
33%
Shonan-Machiya
33%
No matching quizzes found
Score Distribution
Percent of People with Each Score
Percentile by Number Answered
Your Score History
You have not taken this quiz